000 00678nam a22002297a 4500
005 20170124105946.0
010 _a562753
020 _c20.00
035 _a562753
037 _bCen Lib/Ret
040 _aDPL
_bEN
082 _a260.33
_bBAL
100 _aBal, Sarjit Singh
_972813
245 r _aLife of Guru Nanak /
_cby Sarjit Singh Bal
260 _bPublication Bureau Panjab University
_aChandigarh
_c1969
270 _aPnjab University
_bChandigarh
300 _aiv,283p.
_c21m(Hb)
500 _aIncludes bibliographical references.
650 _aSikhism
_93669
650 _a Nānak, Guru -- 1469-1538.
_972814
942 _2ddc
_cEN
_h260.33
_mBAL
999 _c124910
_d124910